|
|
|
|
| LEADER |
01115nam a2200289 a 4500 |
| 001 |
2088918 |
| 008 |
090618s1996 caua 001 0 eng d |
| 010 |
|
|
|a 95038959
|
| 020 |
|
|
|a 0787901806 (alk. paper)
|
| 020 |
|
|
|a 0787909351
|
| 040 |
|
|
|a DLC
|c DLC
|d DLC
|
| 082 |
0 |
0 |
|a 658.4/092
|2 20
|
| 245 |
0 |
4 |
|a The leader of the future :
|b new visions, strategies, and practices for the next era /
|c Frances Hesselbein, Marshall Goldsmith, Richard Beckhard, editors ; foreword by Peter F. Drucker.
|
| 260 |
|
|
|a San Francisco :
|b Jossey-Bass,
|c c1996.
|
| 300 |
|
|
|a xxv, 319 p. :
|b ill. ;
|c 24 cm.
|
| 490 |
|
|
|a The Drucker Foundation future series
|
| 504 |
|
|
|a Includes index.
|
| 541 |
1 |
|
|e 00007540
|
| 650 |
|
0 |
|a Leadership.
|
| 650 |
|
0 |
|a Strategic planning.
|
| 700 |
1 |
|
|a Hesselbein, Frances.
|
| 700 |
1 |
|
|a Goldsmith, Marshall.
|
| 700 |
1 |
|
|a Beckhard, Richard,
|d 1918-
|
| 852 |
4 |
|
|a Ayesha Abed Library
|j General Shelf.
|
| 942 |
0 |
0 |
|0 1
|
| 999 |
|
|
|c 1786
|d 1786
|
| 952 |
|
|
|0 0
|1 0
|2 ddc
|4 0
|6 658_409200000000000_LEA
|7 0
|9 1636
|a BRACUL
|b BRACUL
|c GEN
|d 2009-06-29
|l 4
|m 24
|o 658.4092 LEA
|p 3010007540
|r 2015-12-03
|s 2015-10-08
|t 1
|w 2009-06-29
|y BK
|